00606nam a22002057a 450000500170000000800410001702000180005804100080007608000080008410000230009224500510011524600200016626000540018630000300024044000480027050500240031863000160034265000160035865000260037420150330041547.0060717s2006 caua 001 0 eng d a97800722609390 aeng a0041 aPetkovic, Dušan.10aMicrosoft SQL Server 2005 :cDušan Petkovic.30aSQL Server 2005 aEmeryville, Calif. :bMcGraw-Hill/Osborne,c2006. a704 f. :bme il.;c24 cm. 0aEssential skills for database professionals0 aIndex: f. 687 - 70400aSQL server. 0aKompjuterat 0aBaza e të dhënave